<?xml version="1.0" encoding="UTF-8"?><?xml-stylesheet type="text/xsl" href="static/style.xsl"?><OAI-PMH xmlns="http://www.openarchives.org/OAI/2.0/" xmlns:xsi="http://www.w3.org/2001/XMLSchema-instance" xsi:schemaLocation="http://www.openarchives.org/OAI/2.0/ http://www.openarchives.org/OAI/2.0/OAI-PMH.xsd"><responseDate>2026-06-02T17:21:31Z</responseDate><request verb="GetRecord" identifier="oai:riuma.uma.es:10630/17727" metadataPrefix="marc">https://riuma.uma.es/rest/oai/request</request><GetRecord><record><header><identifier>oai:riuma.uma.es:10630/17727</identifier><datestamp>2026-02-03T10:28:02Z</datestamp><setSpec>com_10630_1685</setSpec><setSpec>col_10630_38056</setSpec></header><metadata><record xmlns="http://www.loc.gov/MARC21/slim" xmlns:dcterms="http://purl.org/dc/terms/" xmlns:doc="http://www.lyncode.com/xoai" xmlns:xsi="http://www.w3.org/2001/XMLSchema-instance" xsi:schemaLocation="http://www.loc.gov/MARC21/slim http://www.loc.gov/standards/marcxml/schema/MARC21slim.xsd">
   <leader>00925njm 22002777a 4500</leader>
   <datafield ind2=" " ind1=" " tag="042">
      <subfield code="a">dc</subfield>
   </datafield>
   <datafield ind2=" " ind1=" " tag="720">
      <subfield code="a">Pérez-Pérez, Juan Antonio</subfield>
      <subfield code="e">author</subfield>
   </datafield>
   <datafield ind2=" " ind1=" " tag="260">
      <subfield code="c">2019-05-27</subfield>
   </datafield>
   <datafield ind2=" " ind1=" " tag="520">
      <subfield code="a">Esta es la memoria del proyecto artístico Mundus, realizado como Trabajo fin de Máster del Máster&#xd;
en Producción Artística Interdisciplinar de la Facultad de Bellas Artes de Málaga. En ella describo&#xd;
mi proyecto artístico en el que llevo trabajando los últimos tres años, sobre cómo un cuerpo&#xd;
ocupa y se relaciona con el espacio, ya sea de forma física o sensitiva; y cómo es percibido de&#xd;
forma sensorial a través de la vista y el tacto, sentidos que, debido a problemas severos de salud se&#xd;
han dañado, dando lugar a una, cada vez mayor, deficiencia visual y a una anomalía en la capacidad&#xd;
protectora de la piel, evolucionando y desarrollándose por ello de forma diferente a la habitual.&#xd;
A partir de la propia experiencia, dilatada en el tiempo, que me lleva a aprender a sentir y a&#xd;
proteger el cuerpo de forma diferente al resto, a “ver” de una forma casi más sensorial que física&#xd;
investigo cómo la falta de visión hace desarrollar el sentido del tacto. De ahí nace mi preocupación&#xd;
por crear, a través del un material como el papel tratado éste con la técnica tradicional japonesa&#xd;
del pliegue con la que creo módulos geométricos, provocando espacios y volúmenes, colores y&#xd;
texturas, como mónadas1, que según el pensamiento de Gottfried Leibniz, componen un universo&#xd;
propio donde sentirse protegido de ciertos elementos, tanto ambientales como sociales.</subfield>
   </datafield>
   <datafield ind1="8" ind2=" " tag="024">
      <subfield code="a">https://hdl.handle.net/10630/17727</subfield>
   </datafield>
   <datafield tag="653" ind2=" " ind1=" ">
      <subfield code="a">Bellas Artes - Trabajos Fin de Master</subfield>
   </datafield>
   <datafield tag="653" ind2=" " ind1=" ">
      <subfield code="a">Espacio y tiempo en el arte</subfield>
   </datafield>
   <datafield tag="653" ind2=" " ind1=" ">
      <subfield code="a">Instalaciones (Arte)</subfield>
   </datafield>
   <datafield tag="653" ind2=" " ind1=" ">
      <subfield code="a">Papiroflexia</subfield>
   </datafield>
   <datafield ind2="0" ind1="0" tag="245">
      <subfield code="a">Mundus: espacio, tiempo y luz</subfield>
   </datafield>
</record>
</metadata></record></GetRecord></OAI-PMH>